Biblioteca

¿Qué es curar? (Registro nro. 69898)

Detalles MARC
000 -LÍDER
Campo fijo de descripción fija 01578nab a2200229 i 4500
001 - NÚMERO DE CONTROL
Campo de control 768714001
003 - IDENTIFICADOR DEL NÚMERO DE CONTROL
Campo de control CO-MdFUSB
005 - FECHA Y HORA DE LA ULTIMA TRANSACCIÓN
control field 20240524094409.0
008 - ELEMENTOS DE LONGITUD FIJA -- INFORMACIÓN GENERAL
Campo fijo de descripción fija -- Información general 240524t1974 sp ||||| |||| 00| 0 spa d
040 ## - FUENTE DE CATALOGACIÓN
Idioma de catalogación spa
Agencia que realiza la transcripción CO-MdFUSB
Agencia que realiza la modificación CO-MdFUSB
041 ## - CÓDIGO DE IDIOMA
Código de idioma para texto/pista de sonido o título separado spa
100 ## - ASIENTO PRINCIPAL--NOMBRE PERSONAL
Nombre personal Rossi, Mario,
Término relacionador autor
245 ## - TÍTULO
Título ¿Qué es curar?
Mención de responsabilidad / Mario Rossi ; traducido por Alfonso de la Fuente
520 ## - NOTA DE RESUMEN, ETC.
Nota de sumario, etc. Siempre deseamos definir con precisión quién está sano y quién enfermo, el estado de normalidad y el de anormalidad. Pero sabemos que la ciencia moderna ha establecido fronteras menos precisas a esas situaciones extremas, y hoy es frecuente oír hablar de equilibrios, descompensaciones, fases alternas, deslizamientos, aun cuando el estar mal tenga su realidad sensible y el estar bien tenga todas las ventajas de tal estado. Los esquemas fáciles gozan hoy de menor crédito que antaño, porque la suspicacia ha proporcionado a la ciencia y también a la cultura media nuevos argumentos, ha fomentado una idea de complejidad del yo físico, del yo psíquico y de la realidad externa: nuestra historia es menos idealizable y nuestros datos son más ricos en posibilidades.
650 #0 - ASIENTO SECUNDARIO DE MATERIA - TERMINO TEMÁTICO
Término temático o nombre geográfico como elemento de entrada Vida cristiana
9 (RLIN) 19
650 #7 - ASIENTO SECUNDARIO DE MATERIA - TERMINO TEMÁTICO
Término temático o nombre geográfico como elemento de entrada Psicología de la salud
9 (RLIN) 7259
653 ## - TÉRMINO DE INDIZACIÓN - NO CONTROLADO
Término no controlado Terapia
700 ## - ENTR. SECUNDARIA - Nombre Personal (R)
Nombre de persona Fuente, Alfonso de la, ‎
Término indicativo de función traductor
773 0# - ASIENTO DE ITEM FUENTE
Biblionumber 49450
Itemnumber 82679
Otro identificador del ítem R2589
Título Revista internacional de teología Concilium
Número de control del registro (CO-MdFUSB)8
Número Internacional Normalizado para Publicaciones Seriadas (ISSN) 0210-1041
Parte(s) relacionada(s) / Volumen., número. (mes año), páginas Volumen 99, (noviembre, 1974 ) páginas: 238 - 243
Enumeración y primera página páginas: 238
942 ## - TIPO DE MATERIAL (KOHA)
Tipo de Item KOHA Artículos de Revista
945 ## - INFORMACIÓN LOCAL DEL REGISTRO
Catalogador Catherine Arias Álvarez - Practicante SENA

No hay ítems disponibles.

Biblioteca FUSBC | Teléfono: (57+4) 349 88 10 Ext. 141| WhatsApp (+57) 3005338115 
E-mail: biblioteca@unisbc.edu.co | Calle 76 87-14 Robledo Palenque, Medellín, Colombia

Con tecnología Koha